000 00312nam a2200121Ia 4500
008 240624s9999 xx 000 0 und d
041 _aeng
082 _a658.056754 FOR
100 _aFORZA PACINO
245 _aYOUTUBE YOURSELF A BON JOVI HALLELUJAH A
260 _c2009
_aColorado
_bOutskirts Press
365 _cRS
999 _c15929
_d15929